01561nab a22001937a 4500003000400000005001700004008004100021040000700062100002400069245010200093260007200195300001300267500003800280505078200318505008901100650002001189650002001209773013801229OSt20251230233317.0190605e xxu||||| |||| 00| 0 spa d cPJ aBalbín, Adolfo N.10aBreve reseña de las modificaciones que la Ley Bases incorporó a la LCT /cAdolfo N. Balbín. aCiudad Autónoma de Buenos Aires :bThomson Reuters La Ley,c2024. ap. 38-52 aCita: TR LALEY AR/DOC/2092/2024  a Sumario: I. Introducción y objetivos.— II. Modificación en cuanto al ámbito de aplicación.— III. Reforma a la figura de la presunción del contrato de trabajo.— IV. Modificación en el terreno de la responsabilidad solidaria.— V. Reformas en el terreno de las modalidades contractuales.— VI. Remuneraciones, contratistas e intermediarios.— VII. Modificación en el tema atinente al trabajo de mujeres.— VIII. Modificación en el campo de la extinción del contrato de trabajo: el despido discriminatorio.— IX. Nuevos elementos en el marco del despido por justa causa.— X. Del art. 245 al fondo de cese laboral, sistema privado a costa del empleador y auto aseguro.— XI. Trabajadores independientes con colaboradores.— XII. Palabras finales.  t¿Te interesa el texto completo? Solicitalo al correo: koha@justierradelfuego.gov.ar 0aDERECHO LABORAL 0aREFORMA LABORAL0 02711dCiudad Autónoma de Buenos Aires : Thomson Reuters La Ley, 1999-2002.tRevista de derecho del trabajo. Nº 5 - Septiembre 2024